Milano Metro Line Stops - Statistics

General Stats
  • This quiz has been taken 172 times
    166 since last reset
  • The average score is 53 of 125
Answer Stats
Answer % Correct
Duomo
85%
Centrale
80%
Garibaldi
70%
Cadorna
66%
San Siro Stadio
66%
Abbiategrasso
65%
Rho Fiera
65%
Porta Genova
64%
Loreto
63%
Porta Venezia
61%
San Babila
61%
Sant'Ambrogio
61%
Cologno Nord
60%
San Donato
60%
Zara
60%
Cairoli
59%
Lotto
59%
Montenapoleone
59%
Porta Romana
59%
Moscova
58%
Gessate
56%
QT8
55%
Sesto FS
55%
Comasina
54%
Cordusio
54%
Lanza
54%
Missori
54%
Repubblica
54%
Gioia
53%
Romolo
53%
San Siro Ippodromo
53%
Sant'Agostino
53%
Bisceglie
51%
Linate Aeroporto
51%
Udine
51%
Assago Forum
50%
Piola
50%
Cologno Sud
49%
Conciliazione
49%
Lambrate
49%
Lampugnano
49%
Lima
49%
Uruguay
49%
Famagosta
48%
Rogoredo
48%
Sesto Marelli
48%
Caiazzo
46%
Cologno Centro
46%
Lodi
46%
Palestro
46%
Sesto Rondò
46%
Wagner
46%
Cascina Gobba
45%
Crocetta
45%
Pagano
45%
Pasteur
45%
Turro
44%
Affori
43%
Gerusalemme
43%
Porto di Mare
43%
Precotto
43%
Tre Torri
43%
Turati
43%
Isola
41%
Monumentale
41%
Bande Nere
40%
Corvetto
40%
Dateo
40%
De Angeli
40%
Domodossola
40%
Gorla
40%
San Cristoforo
40%
Bicocca
39%
Crescenzago
39%
Gorgonzola
39%
Santa Sofia
39%
Villa San Giovanni
39%
Amendola
36%
Bignami
36%
Pero
36%
Sforza Policlinico
36%
Argonne
35%
Brenta
35%
Buonarroti
35%
Maciachini
35%
Molino Dorino
35%
Tricolore
35%
Vetra
35%
Cernusco sul Naviglio
34%
Cimiano
34%
Bolivar
33%
California
33%
Istria
33%
Sondrio
33%
Affori Centro
31%
Rovereto
31%
Tolstoj
31%
Assago Nord
30%
Cenisio
30%
De Amicis
30%
Dergano
30%
Gambara
29%
Inganni
29%
San Leonardo
29%
Bonola
28%
Segesta
26%
Susa
26%
Vimodrone
26%
Ca' Granda
25%
Ponale
25%
Portello
25%
Cassina de'Pecchi
24%
Cascina Antonietta
21%
Coni Zugna
21%
Marche
21%
Primaticcio
21%
Repetti
21%
Villa Fiorita
21%
Cascina Burrona
20%
Frattini
20%
Stazione Forlanini
19%
Bussero
16%
Villa Pompea
16%
Gelsomini
15%
Segneri
13%
No matching quizzes found
Score Distribution
Percent of People with Each Score
Percentile by Number Answered
Your Score History
You have not taken this quiz since the last reset